Loading...
Studies on Lipolytic bacteria in fish Etroplus Suratensis
| Main Author: | |
|---|---|
| Language: | English |
| Published: |
Kochi
School of Marine Sciences
1981
|
| LEADER | 00458nam a22001337a 4500 | ||
|---|---|---|---|
| 005 | 20151028162348.0 | ||
| 008 | 091124t xxu||||| |||| 00| 0 eng d | ||
| 082 | |a D23 | ||
| 100 | |a K. R. Sreekumari |9 13611 | ||
| 245 | |a Studies on Lipolytic bacteria in fish Etroplus Suratensis | ||
| 942 | |c DS |6 _ | ||
| 260 | |a Kochi |b School of Marine Sciences |c 1981 | ||
| 999 | |c 80726 |d 80726 | ||
| 952 | |0 0 |1 0 |2 ddc |4 0 |6 D23_ |7 0 |9 94080 |a SOS |b SOS |d 2009-11-24 |o D23 |p MS00D023 |r 2009-11-24 |w 2009-11-24 |y DS | ||